[Event "Lichtenberger Sommer 2024"]
[Site "Berlin"]
[Date "2024.08.10"]
[Round "1.26"]
[White "Mayer, Herbert"]
[Black "Donath, Johann"]
[Result "0-1"]
[WhiteElo "1802"]
[BlackElo "2069"]
[PlyCount "76"]
[EventDate "2024.08.10"]
[WhiteTeam "SSV Rotation Berlin e.V."]
[BlackTeam "BSV 63 Chemie Weißensee"]

1. f4 d5 2. b3 c5 3. e3 Nc6 4. Bb5 Qb6 5. Bxc6+ Qxc6 6. Nf3 Nf6 7. Bb2 g6 8. d3
Bg7 9. Nbd2 O-O 10. O-O b5 11. Ne5 Qc7 12. Ndf3 Ne8 13. h3 f6 14. Ng4 Bxg4 15.
hxg4 e5 16. g3 a5 17. a4 b4 18. g5 exf4 19. gxf4 fxg5 20. Bxg7 Nxg7 21. Nxg5 d4
22. Qf3 dxe3 23. Qxe3 Rae8 24. Qh3 Nf5 25. Rae1 Qd7 26. Rxe8 Rxe8 27. Ne4 Qd4+
28. Rf2 Ne3 29. Kh2 h5 30. Re2 Ng4+ 31. Kg2 Rf8 32. Qg3 Kh8 33. Kf3 Qd5 34. Qh4
Qe5 35. Qg5 Rf5 36. Qd8+ Kg7 37. Kg2 Qxf4 38. Qe7+ Rf7 0-1

[Event "Lichtenberger Sommer 2024"]
[Site "Berlin"]
[Date "2024.08.10"]
[Round "1.27"]
[White "Federau, Jürgen"]
[Black "Ollhoff, Hannes"]
[Result "1-0"]
[WhiteElo "2064"]
[BlackElo "1802"]
[PlyCount "117"]
[EventDate "2024.08.10"]
[WhiteTeam "SC Kreuzberg e.V."]
[BlackTeam "TSG Oberschöneweide e.V."]

1. d4 e6 2. c4 d5 3. Nc3 Nf6 4. cxd5 exd5 5. Bg5 Be7 6. e3 c6 7. Qc2 Bg4 8. h3
Bh5 9. f4 Ne4 10. Nxe4 Bg6 11. Bxe7 Qxe7 12. f5 Bxf5 13. Nd6+ Qxd6 14. Qxf5
Qb4+ 15. Kd1 O-O 16. Bd3 g6 17. Qf2 c5 18. a3 Qb6 19. dxc5 Qxc5 20. Rc1 Qe7 21.
Nf3 Nc6 22. Re1 Rac8 23. Rc2 Na5 24. Rxc8 Rxc8 25. Nd4 a6 26. Re2 Nc4 27. Bxc4
dxc4 28. Rc2 b5 29. Qf4 b4 30. axb4 Qxb4 31. Qf6 Qa4 32. Kd2 Qb4+ 33. Ke2 Qb7
34. Kf1 a5 35. Qe5 Qb4 36. Qb5 Qe7 37. Rxc4 Rxc4 38. Qxc4 Qxe3 39. Nf3 Qb6 40.
Qc8+ Kg7 41. Qc3+ Kg8 42. Nd2 Qb5+ 43. Kg1 a4 44. Qd4 Qe8 45. Ne4 Qc6 46. Nf6+
Kg7 47. Nd5+ Kh6 48. Nc3 Qe6 49. Nxa4 Qe1+ 50. Kh2 Qc1 51. Nc5 Qf1 52. Nd3 Qa1
53. Qf4+ Kg7 54. b4 Qb1 55. Qc4 f5 56. b5 g5 57. Qd4+ Kf7 58. b6 f4 59. Qd5+
1-0

[Event "Lichtenberger Sommer 2024"]
[Site "Berlin"]
[Date "2024.08.10"]
[Round "1.28"]
[White "Mazurtsova, Margarita"]
[Black "Verbitsky, Jaroslaw"]
[Result "0-1"]
[WhiteElo "1792"]
[BlackElo "2049"]
[PlyCount "94"]
[EventDate "2024.08.10"]
[WhiteTeam "SC Kreuzberg e.V."]
[BlackTeam "SV Mattnetz Berlin e.V."]

1. c4 c5 2. Nf3 Nc6 3. Nc3 Nf6 4. g3 d5 5. cxd5 Nxd5 6. Bg2 Nc7 7. O-O e5 8. d3
Be7 9. Ne4 f5 10. Ned2 Be6 11. Nb3 Nb5 12. Be3 Nbd4 13. Bxd4 cxd4 14. Rc1 O-O
15. Nfd2 Bd5 16. Bxd5+ Qxd5 17. Qc2 Rac8 18. Qc4 Qxc4 19. Rxc4 b5 20. Rc2 Nb4
21. Rxc8 Rxc8 22. a3 Nd5 23. Rc1 Rxc1+ 24. Nxc1 a5 25. Nf3 Bf6 26. Nb3 a4 27.
Nc5 Kf7 28. Nd7 e4 29. dxe4 fxe4 30. Ne1 d3 31. exd3 Bxb2 32. dxe4 Nf6 33. Nxf6
Kxf6 34. Nc2 Ke5 35. f3 Kd6 36. Kf2 Kc5 37. Ke2 Bxa3 38. Nxa3 b4 39. Nc2 b3 40.
Kd2 b2 41. Na3 Kb4 42. Nb1 Kb3 43. e5 a3 44. e6 a2 45. e7 axb1=Q 46. e8=Q Qc1+
47. Ke2 Qc4+ 0-1

[Event "Lichtenberger Sommer 2024"]
[Site "Berlin"]
[Date "2024.08.10"]
[Round "1.29"]
[White "Herms Agullo, Jordi"]
[Black "Becker, Werner"]
[Result "1-0"]
[WhiteElo "2043"]
[BlackElo "1788"]
[PlyCount "79"]
[EventDate "2024.08.10"]
[WhiteTeam "Granollers Chess Club"]
[BlackTeam "SC Rochade e.V."]

1. e4 c5 2. Nf3 d6 3. d4 cxd4 4. Nxd4 Nf6 5. Nc3 e5 6. Bb5+ Bd7 7. Bxd7+ Nbxd7
8. Nf5 Nc5 9. Bg5 h6 10. Bxf6 Qxf6 11. Nd5 Qg5 12. Nc7+ Kd7 13. Nxa8 Qxg2 14.
Rf1 Qxe4+ 15. Ne3 Be7 16. Nb6+ axb6 17. Qg4+ Qxg4 18. Nxg4 Bg5 19. Ne3 Kc6 20.
Rd1 g6 21. Nd5 f5 22. Rg1 Rg8 23. Rxg5 hxg5 24. Ne7+ Kd7 25. Nxg8 Ke6 26. c4 e4
27. Nf6 Nd3+ 28. Rxd3 exd3 29. Nd5 Ke5 30. Nxb6 g4 31. a4 f4 32. b4 Ke4 33. a5
Kf3 34. b5 d2+ 35. Kxd2 Kxf2 36. Nd5 f3 37. Ne3 g5 38. a6 bxa6 39. bxa6 g3 40.
hxg3 1-0

[Event "Lichtenberger Sommer 2024"]
[Site "Berlin"]
[Date "2024.08.10"]
[Round "1.30"]
[White "Stein, Siegfried"]
[Black "Asatryan, Tigran"]
[Result "0-1"]
[WhiteElo "1783"]
[BlackElo "2036"]
[Annotator "Luca"]
[PlyCount "126"]
[EventDate "2024.08.10"]

{[%evp 0,126,21,16,81,74,59,50,62,48,44,57,36,45,68,63,55,38,51,-48,-70,-63,
-80,-75,-56,-73,34,80,95,66,72,67,107,115,77,150,134,119,124,155,156,201,225,
16,24,18,270,52,169,146,145,210,251,-83,0,-142,-122,-113,-124,-128,-56,-42,-44,
-96,-80,-98,-69,-108,-125,-150,-138,-148,-124,-113,-156,-159,-137,-117,-101,
-195,-201,-201,-137,-147,-147,-149,-150,-150,-174,-164,-154,-163,-154,-177,
-175,-183,-116,-117,-105,-105,-119,-116,-107,-110,-57,-57,-66,-65,-65,-65,-69,
-65,-65,-72,-72,-90,-87,-90,-91,-83,-85,-85,-84,-84,-84,-84,0,0,0]} 1. e4 b6 2.
d4 Bb7 3. Nc3 e6 4. Nf3 Bb4 5. Bd3 Nf6 6. Qe2 h6 7. O-O d6 8. Nd1 d5 9. c3 dxe4
10. Bb5+ c6 11. Ne5 Bxc3 12. Nxc3 Qxd4 13. Bf4 cxb5 14. Nxb5 Qd8 15. Rfd1 Bd5
16. Rac1 Na6 17. Nc6 Qd7 18. Nd6+ Kf8 19. Ne5 Qa4 20. b3 Qa5 21. Nec4 Bxc4 22.
Qxc4 Nd5 23. Qxe4 Nc5 24. Qf3 Kg8 25. Bd2 Qxa2 26. Bc3 Rf8 27. Qg3 Nxc3 28.
Rxc3 Qe2 29. Ra1 Ne4 30. Nxe4 Qxe4 31. h4 a5 32. Rc4 Qd5 33. Qc3 Kh7 34. Rc6
Rb8 35. Qc2+ g6 36. Rd1 Qf5 37. Qc1 e5 38. Rdd6 Rhc8 39. Qe3 Rxc6 40. Rxc6 Qf4
41. Qxf4 exf4 42. Rf6 Kg7 43. Rxf4 Rc8 44. Rf3 Rc1+ 45. Kh2 Rb1 46. g4 b5 47.
Kg3 b4 48. Re3 Kf6 49. Kf4 g5+ 50. hxg5+ hxg5+ 51. Ke4 a4 52. bxa4 Ra1 53. Kd4
Rxa4 54. Rb3 Ke6 55. Re3+ Kd6 56. Rb3 f6 57. f3 Ra3 58. Rxb4 Rxf3 59. Rb6+ Ke7
60. Kd5 Kf7 61. Rb4 Kg6 62. Ra4 Rf4 63. Rxf4 gxf4 0-1

[Event "Lichtenberger Sommer 2024"]
[Site "Berlin"]
[Date "2024.08.10"]
[Round "1.31"]
[White "Rath, Alina"]
[Black "Buehring, Stefan"]
[Result "1-0"]
[WhiteElo "2020"]
[BlackElo "1780"]
[PlyCount "80"]
[EventDate "2024.08.10"]
[WhiteTeam "SK König Tegel 1949 e.V."]
[BlackTeam "vereinslos"]

1. c4 c6 2. g3 d5 3. Bg2 Nf6 4. Nf3 Bf5 5. b3 e6 6. Bb2 Be7 7. O-O O-O 8. d3 h6
9. Qc2 Nbd7 10. Nbd2 Bh7 11. e4 Nb6 12. Rad1 a5 13. Rfe1 Rc8 14. Nf1 Qc7 15.
Be5 Qd8 16. Bc3 Nbd7 17. h3 Qb6 18. exd5 cxd5 19. Qb2 Bb4 20. Ne3 Bxc3 21. Qxc3
Qa6 22. Qd4 dxc4 23. dxc4 b5 24. cxb5 Qxb5 25. Nc4 Qb4 26. Qd2 Qxd2 27. Rxd2
Rc5 28. Red1 Nd5 29. Nd4 N7f6 30. Nd6 Rb8 31. a4 Kf8 32. Nc4 Ke7 33. Nb5 Ra8
34. Re1 Kf8 35. f4 Ra6 36. Kf2 g5 37. fxg5 hxg5 38. Rd4 g4 39. h4 Bf5 40. Ne3
Nd7 1-0

[Event "Lichtenberger Sommer 2024"]
[Site "Berlin"]
[Date "2024.08.10"]
[Round "1.32"]
[White "Uhlenbrock, Sven"]
[Black "Stark, Ingo"]
[Result "0-1"]
[WhiteElo "1780"]
[BlackElo "2020"]
[PlyCount "52"]
[EventDate "2024.08.10"]
[WhiteTeam "vereinslos"]
[BlackTeam "TSG Oberschöneweide e.V."]

1. d4 b5 2. Bf4 Bb7 3. e3 e6 4. Nf3 a6 5. c4 b4 6. Nbd2 Nf6 7. Bd3 c5 8. dxc5
Bxc5 9. Nb3 Be7 10. h3 d6 11. O-O e5 12. Nxe5 dxe5 13. Bxe5 Nbd7 14. Bh2 O-O
15. Qe2 Nc5 16. Nxc5 Bxc5 17. Be5 Nd7 18. Bf4 Qe7 19. Rfd1 Ne5 20. Bxh7+ Kxh7
21. Qh5+ Kg8 22. Bxe5 Rad8 23. Bf4 Qe4 24. f3 Bxe3+ 25. Bxe3 Qxe3+ 26. Kh1 Qe2
0-1

[Event "Lichtenberger Sommer 2024"]
[Site "Berlin"]
[Date "2024.08.10"]
[Round "1.33"]
[White "Pueschel, Werner"]
[Black "Teusch, Lucas"]
[Result "1-0"]
[WhiteElo "2013"]
[BlackElo "1776"]
[PlyCount "55"]
[EventDate "2024.08.10"]
[WhiteTeam "vereinslos"]
[BlackTeam "Leegebrucher SF"]

1. e4 e5 2. Nf3 Nc6 3. Bc4 Bc5 4. c3 Nf6 5. d3 h6 6. b4 Bb6 7. a4 a6 8. O-O O-O
9. Qb3 d6 10. a5 Ba7 11. h3 Nh5 12. Be3 Qf6 13. Nbd2 Bxe3 14. fxe3 Qg6 15. g4
Nf6 16. Kf2 b5 17. axb6 cxb6 18. Nh4 Qh7 19. Ke2 Ne7 20. Nf5 Bxf5 21. gxf5 b5
22. Bd5 Nfxd5 23. exd5 Nxf5 24. Rg1 h5 25. Raf1 h4 26. Ne4 f6 27. Kd2 Kf7 28.
Rxf5 1-0

[Event "Lichtenberger Sommer 2024"]
[Site "Berlin"]
[Date "2024.08.10"]
[Round "1.34"]
[White "Wahner, Eberhard"]
[Black "Geldner, Gerrit"]
[Result "0-1"]
[WhiteElo "1775"]
[BlackElo "2009"]
[PlyCount "50"]
[EventDate "2024.08.10"]
[WhiteTeam "SC Eintracht Berlin e.V."]
[BlackTeam "SC Kreuzberg e.V."]

1. c4 c5 2. g3 Nc6 3. Bg2 g6 4. Nc3 Bg7 5. e3 e5 6. a3 a5 7. Nge2 d6 8. O-O
Nge7 9. d3 O-O 10. Rb1 Rb8 11. Qc2 Be6 12. Bd2 d5 13. cxd5 Nxd5 14. Rbd1 Nde7
15. Ne4 b6 16. Bc3 h6 17. f4 Nd5 18. Bd2 Bg4 19. Bf3 Bh3 20. Bg2 Bxg2 21. Kxg2
f5 22. Nf2 exf4 23. Nxf4 Nxf4+ 24. exf4 Qd5+ 25. Kg1 Nd4 0-1

[Event "Lichtenberger Sommer 2024"]
[Site "Berlin"]
[Date "2024.08.10"]
[Round "1.35"]
[White "Groot, Patrick"]
[Black "Vaz da Cruz, Vinicius"]
[Result "1-0"]
[WhiteElo "2008"]
[BlackElo "1768"]
[PlyCount "83"]
[EventDate "2024.08.10"]
[WhiteTeam "SF Berlin 1903 e.V."]
[BlackTeam "SSV Rotation Berlin e.V."]

1. e4 e5 2. Nf3 Nc6 3. d4 exd4 4. Nxd4 Bc5 5. Nb3 Bb6 6. Nc3 Qf6 7. Qe2 Nge7 8.
Be3 O-O 9. O-O-O d6 10. f4 Bg4 11. Qxg4 Bxe3+ 12. Kb1 Qxf4 13. Qh3 a6 14. Rd3
Ba7 15. Rg3 Ng6 16. Bd3 Qh4 17. Qf5 Nce7 18. Qf1 Ne5 19. Be2 N7g6 20. Nd2 c6
21. Nf3 Qe7 22. h4 Nf4 23. h5 Nxe2 24. Qxe2 f5 25. h6 g6 26. exf5 Rxf5 27. Re1
Qf8 28. Rh3 Re8 29. Qf1 Nxf3 30. Rxf3 Rxe1+ 31. Qxe1 Rxf3 32. gxf3 Qxf3 33.
Qe8+ Qf8 34. Qe6+ Kh8 35. a3 Qxh6 36. Qc8+ Kg7 37. Qxb7+ Kf6 38. Qxa7 Qh1+ 39.
Ka2 Qf1 40. Qxh7 Qc4+ 41. b3 Qf4 42. Qd7 1-0

[Event "Lichtenberger Sommer 2024"]
[Site "Berlin"]
[Date "2024.08.10"]
[Round "1.36"]
[White "Pöltelt, Helmut"]
[Black "Buttkus, Andre"]
[Result "0-1"]
[WhiteElo "1764"]
[BlackElo "2005"]
[PlyCount "66"]
[EventDate "2024.08.10"]
[WhiteTeam "SC Eintracht Berlin e.V."]
[BlackTeam "SK Tempelhof 1931 e.V."]

1. e4 c5 2. Nf3 e6 3. d4 cxd4 4. Nxd4 Nf6 5. Nc3 d6 6. Bc4 Nc6 7. O-O Be7 8.
Nxc6 bxc6 9. Be3 O-O 10. Bb3 e5 11. h3 Bb7 12. f3 d5 13. exd5 cxd5 14. Bf2 d4
15. Ne2 Qd6 16. Ng3 g6 17. Bc4 Nd5 18. Ne4 Qc6 19. Bxd5 Qxd5 20. Re1 f5 21. Nd2
Rad8 22. Qe2 Bf6 23. Bg3 Rfe8 24. Qc4 e4 25. Qxd5+ Bxd5 26. fxe4 fxe4 27. a3
Rc8 28. Rf1 Bg5 29. Bf4 Bxf4 30. Rxf4 Rxc2 31. Nf1 e3 32. Rxd4 Rxg2+ 33. Kh1
Rd2+ 0-1

[Event "Lichtenberger Sommer 2024"]
[Site "Berlin"]
[Date "2024.08.10"]
[Round "1.37"]
[White "Krefenstein, Sergej"]
[Black "Ollek, Karl-Heinz"]
[Result "1-0"]
[WhiteElo "2004"]
[BlackElo "1763"]
[PlyCount "43"]
[EventDate "2024.08.10"]
[WhiteTeam "TuS Makkabi Berlin e.V."]
[BlackTeam "SC Friesen Lichtenberg e.V."]

1. e4 g6 2. d4 Bg7 3. Nc3 d6 4. f4 e5 5. Nf3 Nc6 6. Bb5 Bd7 7. Bxc6 bxc6 8.
fxe5 Bg4 9. exd6 cxd6 10. O-O Ne7 11. Be3 O-O 12. h3 Bd7 13. Qd2 f5 14. Bh6
fxe4 15. Bxg7 Kxg7 16. Nxe4 Nf5 17. Rae1 d5 18. Nc5 Ng3 19. Rf2 Bf5 20. Ng5 Re8
21. Rxf5 Rxe1+ 22. Qxe1 1-0

[Event "Lichtenberger Sommer 2024"]
[Site "Berlin"]
[Date "2024.08.10"]
[Round "1.38"]
[White "Oldenburg, Theo"]
[Black "Hoffmann, Kay"]
[Result "1/2-1/2"]
[WhiteElo "1762"]
[BlackElo "2001"]
[PlyCount "49"]
[EventDate "2024.08.10"]
[WhiteTeam "SV Berolina Mitte e.V."]
[BlackTeam "Barnimer SF im SV Sta"]

1. e4 e5 2. Nf3 Nf6 3. Nxe5 d6 4. Nf3 Nxe4 5. Nc3 Nxc3 6. dxc3 Be7 7. Bd3 Nd7
8. O-O Nc5 9. Re1 O-O 10. h3 c6 11. Bf1 Bf5 12. Bf4 d5 13. c4 dxc4 14. Qxd8
Bxd8 15. Re5 Ne6 16. Rxf5 g6 17. Bh6 gxf5 18. Bxf8 Kxf8 19. Bxc4 Bf6 20. Bd3
Nd4 21. Nxd4 Bxd4 22. Bxf5 h6 23. c3 Bb6 24. Rd1 Rd8 25. Rxd8+ 1/2-1/2

[Event "Lichtenberger Sommer 2024"]
[Site "Berlin"]
[Date "2024.08.10"]
[Round "1.39"]
[White "Guenther, Thomas"]
[Black "Grassnickel, Lutz"]
[Result "1-0"]
[WhiteElo "1996"]
[BlackElo "1757"]
[PlyCount "27"]
[EventDate "2024.08.10"]
[WhiteTeam "vereinslos"]
[BlackTeam "Schach Nienberge 2003 e. V."]

1. d4 Nf6 2. Nf3 e6 3. c4 d5 4. Nc3 Bb4 5. cxd5 exd5 6. Qa4+ Nc6 7. Bf4 O-O 8.
h3 a6 9. e3 Ne4 10. Rc1 f6 11. Be2 Be6 12. O-O b5 13. Nxb5 axb5 14. Qxb5 1-0

[Event "Lichtenberger Sommer 2024"]
[Site "Berlin"]
[Date "2024.08.10"]
[Round "1.40"]
[White "Drave, Samuel"]
[Black "Bornschein, Burkhard"]
[Result "0-1"]
[WhiteElo "1757"]
[BlackElo "1996"]
[PlyCount "66"]
[EventDate "2024.08.10"]
[WhiteTeam "SV Berolina Mitte e.V."]
[BlackTeam "BSC Rehberge 1945 e.V."]

1. d4 d5 2. c4 c6 3. Nf3 Nf6 4. Nc3 e6 5. e3 Be7 6. Be2 dxc4 7. a4 Nd5 8. Bxc4
Bb4 9. Qb3 Qe7 10. O-O Nd7 11. a5 b5 12. Bd3 Bd6 13. e4 Nb4 14. Be2 e5 15. d5
a6 16. dxc6 Nf6 17. Nxb5 axb5 18. Bxb5 O-O 19. Re1 h6 20. Bd2 Be6 21. Qa4 Na6
22. Rab1 Nc5 23. Qa1 Rfb8 24. Bf1 Nfxe4 25. b4 Nb3 26. Rxb3 Nxd2 27. Rb2 Nxf3+
28. gxf3 Rxb4 29. Rxb4 Bxb4 30. Rxe5 Qf6 31. Qd4 Bxa5 32. Qa1 Ba2 33. Re1 Bxe1
0-1

[Event "Lichtenberger Sommer 2024"]
[Site "Berlin"]
[Date "2024.08.10"]
[Round "1.41"]
[White "Shvedchikov, Sergei"]
[Black "Mannaberg, Steffen"]
[Result "1-0"]
[WhiteElo "1993"]
[BlackElo "1756"]
[PlyCount "101"]
[EventDate "2024.08.10"]
[BlackTeam "vereinslos"]

1. e4 e5 2. f4 d6 3. Nf3 Bg4 4. h3 Bxf3 5. Qxf3 exf4 6. Qxf4 Qf6 7. d3 Qxf4 8.
Bxf4 Be7 9. Nc3 c6 10. h4 h5 11. Ne2 Nd7 12. Nd4 g6 13. g3 Nh6 14. Bh3 Ne5 15.
Rf1 Nhg4 16. O-O-O a6 17. Nf3 f6 18. d4 Nxf3 19. Rxf3 g5 20. Bd2 c5 21. Rf5 Nh6
22. Rd5 Nf7 23. Bc3 g4 24. Bg2 O-O-O 25. e5 fxe5 26. dxc5 dxc5 27. Ba5 Rxd5 28.
Bxd5 Nd8 29. Rf1 Rf8 30. Rxf8 Bxf8 31. Bxd8 Kxd8 32. Bxb7 Bh6+ 33. Kd1 a5 34.
Be4 Ke7 35. Bg6 Kf6 36. Bxh5 Kf5 37. Ke2 Bc1 38. b3 Bh6 39. Be8 Ke6 40. Kd3 Bg7
41. Ke4 Bh6 42. Bh5 Bd2 43. Bxg4+ Kf6 44. Be2 Be1 45. Kf3 e4+ 46. Kf4 Bf2 47.
h5 e3 48. g4 Bh4 49. Kxe3 Ke5 50. Kd3 Kf4 51. Kc4 1-0

[Event "Lichtenberger Sommer 2024"]
[Site "Berlin"]
[Date "2024.08.10"]
[Round "1.42"]
[White "Maxin, Falko"]
[Black "Sabrowski, Uwe"]
[Result "0-1"]
[WhiteElo "1755"]
[BlackElo "1992"]
[PlyCount "64"]
[EventDate "2024.08.10"]
[WhiteTeam "TSG Oberschöneweide e.V."]
[BlackTeam "SC Friesen Lichtenberg e.V."]

1. d4 f5 2. Bf4 Nf6 3. Nc3 g6 4. e3 Bg7 5. h4 h6 6. Bd3 O-O 7. f3 d6 8. Qd2 Nc6
9. O-O-O Kh7 10. g4 e5 11. Bxh6 Bxh6 12. g5 e4 13. fxe4 Nxe4 14. Nxe4 fxe4 15.
Bxe4 Qe8 16. Qg2 d5 17. Bd3 Qxe3+ 18. Kb1 Rf2 19. Qxd5 Nb4 20. Bxg6+ Kxg6 21.
Qg8+ Kh5 22. gxh6 Qxh6 23. Qe8+ Qg6 24. Qe5+ Bf5 25. Nh3 Re8 26. Nf4+ Rxf4 27.
Qxf4 Bxc2+ 28. Ka1 Bxd1 29. Rxd1 Nc2+ 30. Kb1 Na3+ 31. Ka1 Qb1+ 32. Rxb1 Nc2#
0-1

[Event "Lichtenberger Sommer 2024"]
[Site "Berlin"]
[Date "2024.08.10"]
[Round "1.43"]
[White "Möller, Jared William"]
[Black "Langer, Niklas"]
[Result "0-1"]
[WhiteElo "1991"]
[BlackElo "1753"]
[PlyCount "50"]
[EventDate "2024.08.10"]
[WhiteTeam "SV Glück auf Rüdersdorf e.V."]
[BlackTeam "SC Eintracht Berlin e.V."]

1. d4 c5 2. e4 e6 3. Nf3 Nf6 4. e5 Nd5 5. c4 Nb6 6. d5 exd5 7. cxd5 d6 8. Bb5+
Bd7 9. Bxd7+ Qxd7 10. Nc3 Be7 11. O-O O-O 12. Re1 Na6 13. a4 Rae8 14. a5 Na8
15. e6 fxe6 16. dxe6 Qc6 17. Ng5 N8c7 18. Qg4 Nb4 19. Nxh7 Kxh7 20. Qh5+ Kg8
21. Re3 Bf6 22. Rh3 Rxe6 23. Qh7+ Kf7 24. Bh6 Qe8 25. g4 Rh8 0-1

[Event "Lichtenberger Sommer 2024"]
[Site "Berlin"]
[Date "2024.08.10"]
[Round "1.44"]
[White "Bunkens, Rudi"]
[Black "Scholz, Alexander"]
[Result "1/2-1/2"]
[WhiteElo "1739"]
[BlackElo "1977"]
[PlyCount "40"]
[EventDate "2024.08.10"]
[WhiteTeam "Koninklijke Gentse SK"]
[BlackTeam "Sfr.Heidesheim"]

1. d4 Nf6 2. c4 g6 3. g3 Bg7 4. Bg2 d6 5. Nf3 O-O 6. O-O c5 7. d5 e5 8. dxe6
fxe6 9. Nc3 d5 10. cxd5 exd5 11. Qb3 Nc6 12. Rd1 Qb6 13. Qxb6 axb6 14. Nxd5
Nxd5 15. Rxd5 Be6 16. Ng5 Bxd5 17. Bxd5+ Kh8 18. Nf7+ Kg8 19. Nh6+ Kh8 20. Nf7+
Kg8 1/2-1/2

[Event "Lichtenberger Sommer 2024"]
[Site "Berlin"]
[Date "2024.08.10"]
[Round "1.45"]
[White "Witte, Ronald"]
[Black "Fiedler, Ronald"]
[Result "1-0"]
[WhiteElo "1972"]
[BlackElo "1736"]
[PlyCount "51"]
[EventDate "2024.08.10"]
[WhiteTeam "BSV 63 Chemie Weißensee"]
[BlackTeam "SVG Läufer Reinickendorf e.V."]

1. Nf3 Nf6 2. g3 b6 3. Bg2 Bb7 4. d4 e6 5. O-O d6 6. c4 Nbd7 7. Nc3 Be7 8. Qc2
O-O 9. e4 h6 10. Rd1 a6 11. e5 Ne8 12. d5 Rc8 13. dxe6 fxe6 14. Nd4 Nc5 15.
Bxb7 Nxb7 16. Nxe6 Qd7 17. Nxf8 Bxf8 18. Be3 Qe6 19. Qe4 Nc5 20. Bxc5 bxc5 21.
exd6 Qxe4 22. Nxe4 Nxd6 23. Nxd6 Bxd6 24. Rd5 Re8 25. Kf1 Kf7 26. Re1 1-0

[Event "Lichtenberger Sommer 2024"]
[Site "Berlin"]
[Date "2024.08.10"]
[Round "1.46"]
[White "Allington, John C"]
[Black "Kutschke, Jens"]
[Result "1-0"]
[WhiteElo "1735"]
[BlackElo "1965"]
[PlyCount "89"]
[EventDate "2024.08.10"]
[BlackTeam "SF Berlin 1903 e.V."]

1. d4 Nf6 2. c4 g6 3. Nc3 d5 4. cxd5 Nxd5 5. e4 Nxc3 6. bxc3 Bg7 7. Bc4 c5 8.
Ne2 O-O 9. O-O Nc6 10. Be3 cxd4 11. cxd4 b6 12. Rc1 Bb7 13. Qd2 Rc8 14. Rfd1
Na5 15. Bd3 Qd7 16. Bh6 Rxc1 17. Rxc1 Rc8 18. Bxg7 Kxg7 19. Qg5 f6 20. Qe3 Qa4
21. Nf4 Qxa2 22. d5 h6 23. h4 Qb2 24. Rxc8 Bxc8 25. Qg3 g5 26. hxg5 hxg5 27.
Nh5+ Kf7 28. Qc7 Qa1+ 29. Bf1 Bg4 30. Ng3 Qe5 31. Qxa7 Qd6 32. Qa8 e6 33. Qh8
exd5 34. Qh7+ Ke6 35. Qg8+ Ke5 36. Qe8+ Be6 37. Nf5 Qc6 38. Qb8+ Kxe4 39. Ng3+
Kd4 40. Qf8 Ke5 41. Kh2 Nc4 42. Qe7 Qd6 43. Qa7 d4 44. Qa8 b5 45. Qe4# 1-0

[Event "Lichtenberger Sommer 2024"]
[Site "Berlin"]
[Date "2024.08.10"]
[Round "1.48"]
[White "Hauer, Benno"]
[Black "Schmidt, Florian Pascal"]
[Result "1-0"]
[WhiteElo "1733"]
[BlackElo "1959"]
[PlyCount "79"]
[EventDate "2024.08.10"]
[WhiteTeam "SVG Saarbrücken 1970 e.V."]
[BlackTeam "BSV 63 Chemie Weißensee"]

1. e4 c5 2. d4 cxd4 3. c3 dxc3 4. Nxc3 Nc6 5. Nf3 e6 6. Bc4 Bb4 7. O-O Nge7 8.
Bf4 O-O 9. Qe2 Bxc3 10. bxc3 d5 11. Rfd1 Qa5 12. exd5 exd5 13. Bb3 Bf5 14. c4
dxc4 15. Bxc4 h6 16. a3 Qb6 17. Bd6 Rfe8 18. Qa2 Rf8 19. Nh4 Bh7 20. Re1 Rae8
21. Rad1 g5 22. Nf3 Bg6 23. Bd5 Nxd5 24. Bxf8 Rxe1+ 25. Rxe1 Nc3 26. Qa1 Kxf8
27. Qxc3 Ne7 28. Rc1 Kg8 29. Qc7 Nd5 30. Qxb6 Nxb6 31. Ne5 Be4 32. Rc7 Bd5 33.
Nd3 a5 34. Nc5 Kg7 35. Nxb7 Na8 36. Re7 Kf6 37. Rd7 Ke5 38. Nxa5 Nb6 39. Rd8 h5
40. f3 1-0

[Event "Lichtenberger Sommer 2024"]
[Site "Berlin"]
[Date "2024.08.10"]
[Round "1.49"]
[White "Beran, Rolf-Dietrich"]
[Black "Giehl, Juergen"]
[Result "1-0"]
[WhiteElo "1957"]
[BlackElo "1728"]
[PlyCount "101"]
[EventDate "2024.08.10"]
[WhiteTeam "SG Rot-Weiß Neuenhagen"]
[BlackTeam "SV Multatuli Ingelheim e.V."]

1. c4 e5 2. g3 Nf6 3. Bg2 Nc6 4. Nc3 Bc5 5. a3 a6 6. e3 O-O 7. Nge2 d6 8. O-O
Bf5 9. d4 exd4 10. Nxd4 Bxd4 11. exd4 h6 12. h3 Qd7 13. Kh2 Rfe8 14. Be3 Rab8
15. Rc1 Re7 16. b4 Ree8 17. Re1 Ne7 18. d5 c6 19. Qd4 Bg6 20. g4 h5 21. Bf3 Kf8
22. Rcd1 Neg8 23. dxc6 bxc6 24. Qxd6+ Qxd6+ 25. Rxd6 Ne7 26. Bc5 Kg8 27. gxh5
Bxh5 28. Bxc6 Nxc6 29. Rxe8+ Rxe8 30. Rxc6 Ne4 31. Nxe4 Rxe4 32. Be3 Bf3 33.
Kg3 Be2 34. Rxa6 Rxc4 35. Ra7 Bd1 36. b5 Ra4 37. Rxa4 Bxa4 38. b6 Bc6 39. a4
Kf8 40. a5 Bb7 41. Kf4 Ke7 42. h4 Ke6 43. Kg5 g6 44. f4 Ba6 45. f5+ gxf5 46.
Bf4 Ke7 47. h5 Kf8 48. h6 Kg8 49. Kxf5 Bb7 50. Ke5 Ba6 51. Kd6 1-0

[Event "Lichtenberger Sommer 2024"]
[Site "Berlin"]
[Date "2024.08.10"]
[Round "1.50"]
[White "Abobreik, Salem"]
[Black "Costello, Colin"]
[Result "0-1"]
[WhiteElo "1725"]
[BlackElo "1956"]
[PlyCount "68"]
[EventDate "2024.08.10"]
[WhiteTeam "Spandauer SV e.V."]
[BlackTeam "SC Zugzwang 95 e.V."]

1. d4 Nf6 2. c4 e6 3. Nf3 Bb4+ 4. Bd2 Be7 5. g3 d5 6. Bg2 O-O 7. O-O Nbd7 8.
Ne5 c5 9. Bc3 Qc7 10. e3 b6 11. Nd2 Bb7 12. f4 Rfd8 13. b3 Rac8 14. Rc1 Qb8 15.
Qc2 cxd4 16. exd4 Qa8 17. f5 Ne4 18. fxe6 fxe6 19. Qd3 Nxe5 20. dxe5 dxc4 21.
Qf3 Bc5+ 22. Kh1 Rf8 23. Qe2 Rxf1+ 24. Rxf1 Nxc3 25. Bxb7 Qxb7+ 26. Qf3 Qxf3+
27. Rxf3 Nxa2 28. Nxc4 Nb4 29. Kg2 Nd5 30. Kh3 b5 31. Nd2 Be7 32. Ne4 a5 33.
Kg2 a4 34. bxa4 Rc4 0-1

[Event "Lichtenberger Sommer 2024"]
[Site "Berlin"]
[Date "2024.08.10"]
[Round "1.51"]
[White "Simcaks, Sergejs"]
[Black "Reißmann, Edmund"]
[Result "1-0"]
[WhiteElo "1955"]
[BlackElo "1720"]
[PlyCount "79"]
[EventDate "2024.08.10"]

1. e4 c5 2. Nf3 e6 3. d4 cxd4 4. Nxd4 a6 5. Nc3 Qc7 6. Be2 Bc5 7. O-O Nf6 8.
Bf3 O-O 9. Re1 d6 10. Be3 Nc6 11. Nxc6 bxc6 12. Bxc5 dxc5 13. Qe2 Rd8 14. Na4
Qe5 15. Nb6 Rb8 16. Nc4 Qc7 17. Qe3 Rd4 18. b3 a5 19. c3 Rd7 20. Qxc5 Rb5 21.
Qe3 Ba6 22. Rad1 Rb8 23. Rxd7 Qxd7 24. Nxa5 Qc7 25. b4 h6 26. h3 Rd8 27. Be2
Bxe2 28. Qxe2 Rc8 29. c4 c5 30. a3 Rb8 31. Qd2 Nd7 32. Rc1 Nb6 33. Nb3 cxb4 34.
axb4 Nxc4 35. Qc3 Qb7 36. Qxc4 Qxb4 37. Qxb4 Rxb4 38. Nc5 Kf8 39. f3 Rb2 40.
Nd3 1-0

[Event "Lichtenberger Sommer 2024"]
[Site "Berlin"]
[Date "2024.08.10"]
[Round "1.52"]
[White "Semahin, Volodymyr"]
[Black "Idaczek, Günter"]
[Result "1-0"]
[WhiteElo "1715"]
[BlackElo "1948"]
[PlyCount "71"]
[EventDate "2024.08.10"]
[BlackTeam "SG NARVA Berlin e.V."]

1. Nf3 d6 2. c4 e5 3. Nc3 Nf6 4. d4 Nbd7 5. e3 Be7 6. Bd3 O-O 7. O-O c6 8. b3
Re8 9. Bb2 Bf8 10. Qc2 g6 11. Rad1 Bg7 12. Ba3 Qc7 13. dxe5 dxe5 14. Ng5 Bf8
15. Qc1 Nc5 16. Bxc5 Bxc5 17. Nge4 Nxe4 18. Nxe4 Be7 19. c5 a5 20. Bc4 Bg4 21.
f3 Bd7 22. Nd6 Rf8 23. f4 Bxd6 24. Rxd6 e4 25. Rfd1 Bf5 26. Qc3 Qe7 27. Rf6
Rad8 28. Rdd6 Rxd6 29. cxd6 Qd7 30. a4 b6 31. Qe5 b5 32. axb5 cxb5 33. Bxb5 Qc8
34. Bc4 a4 35. Qe7 axb3 36. Rxf7 1-0